000 00288 a2200121 4500
020 _a9788130016900
100 _aNarendra Kohli
245 _aPrathyaksham(പ്രത്യക്ഷം)
250 _a3rd
260 _bPoorna Publications
_c2020
440 _aMahasamar 7
942 _cOO
999 _c116147
_d116146